Largest fast food restaurant chains - Statistics

General Stats
  • This quiz has been taken 55 times
  • The average score is 18 of 51
Answer Stats
Rank Stores Country of origin Fast food restaurant % Correct
2 38,695 USA McDonald's
98%
5 18,838 USA Burger King
93%
1 42,600 USA Subway
81%
9 7,363 USA Taco Bell
81%
12 6,490 USA Wendy's
81%
4 24,104 USA KFC
79%
7 17,020 USA Domino’s
74%
6 18,703 USA Pizza Hut
74%
23 3,342 USA Arby's
67%
24 2,926 USA Popeyes Louisiana Kitchen
67%
3 31,256 USA Starbucks
67%
8 12,500 USA Dunkin'
62%
15 5,318 USA Papa John's Pizza
60%
13 5,812 USA Hardee's
55%
30 2,100+ USA Chick-fil-A
52%
16 4,800 USA Little Caesars
48%
37 1,900 USA Panda Express
48%
27 2,267 USA Jack in the Box
45%
16 4,800 USA Dairy Queen
43%
22 3,497 USA Sonic Drive-In
43%
48 1,500+ USA Carl's Jr.
38%
32 2,033 USA Applebee's
33%
34 2,010 USA Chipotle Mexican Grill
33%
33 2,024 USA Panera Bread
33%
48 1,500+ USA Five Guys
31%
18 4,774 Canada Tim Hortons
31%
11 6,700 USA Baskin-Robbins
29%
19 4,543 Philippines Jollibee
26%
43 1,700 USA Denny's
24%
25 2,522 USA Jimmy John's
24%
45 1,650 USA IHOP
21%
43 1,700 USA Church's Chicken
19%
47 1,580 USA Chili's
17%
31 2,050 UK Greggs
17%
20 4,000+ UK Costa
12%
42 1,730 Japan MOS Burger
12%
14 5,700 USA Orange Julius
10%
48 1,500+ USA Auntie Anne's
7%
26 2,500 China Dicos
7%
10 7,300 USA Hunt Brothers Pizza
7%
35 2,000+ South Korea Pelicana Chicken
7%
36 2,000 China Shanghai Shihao
7%
38 1,856 Japan Sukiya
7%
41 1,752 India Café Coffee Day
5%
40 1,800+ USA Chester's International
5%
21 4,000 China CNHLS
5%
28 2,230 China LEM hamburger
5%
39 1,850 China Pala Hamburger
5%
29 2,160 Taiwan Ting Hsin International Group
5%
48 1,500+ USA Waffle House
5%
46 1,600~ USA WingStreet
2%
No matching quizzes found
Score Distribution
Percent of People with Each Score
Percentile by Number Answered
Your Score History
You have not taken this quiz